000
00255nam a22001097a 4500
008
170126b xxu||||| |||| 00| 0 eng d
020
_a
9781416040927
041
_a
eng
080
_2
10TH
_a
61
245
_a
THEM EDICAL ASSISTANT
_c
YOUNG, A.P
942
_2
udc
_c
BK
999
_c
3716
_d
3716